[Event "TORO 2014 (C)"]
[Site "Gatineau"]
[Date "2014.06.07"]
[Round "3"]
[White "Gareau, Jacques"]
[Black "Courtemanche, Sylvain"]
[Result "0-1"]
[BlackElo "1331"]
[EventDate "2014.06.09"]
[WhiteElo "1225"]

1.b4 e5 2.a3 a5 3.b5 Bc5 4.e3 Qe7 5.Bb2 Nf6 6.Ne2 d6 7.d4 exd4 8.exd4 Bb6
9.Nc3 Bd7 10.Qd3 d5 11.O-O-O Ng4 12.Qg3 Qf6 13.f3 Ne3 14.Rd3 Nc4 15.Nxd5 Qh6+
16.f4 Bxb5 17.Re3+ Nxe3 18.Nxb6 Nxf1 19.Rxf1 cxb6 20.Re1 O-O 21.Nc3 Ba6 22.d5
Nd7 23.Kb1 Rfe8 24.Rd1 Nf6 25.Qf3 Rac8 26.Rd2 Re1+ 27.Ka2 Bc4# 0-1

[Event "TORO 2014 (C)"]
[Site "Gatineau"]
[Date "2014.06.08"]
[Round "4"]
[White "Liboiron, Alain"]
[Black "Frangakis, Evan"]
[Result "0-1"]
[BlackElo "1464"]
[WhiteElo "1275"]

1.e4 c6 2.d4 d5 3.Nc3 dxe4 4.Nxe4 Bf5 5.Ng3 Bg6 6.Nf3 Nd7 7.Bd3 Ngf6 8.O-O
Qc7 9.c4 e6 10.a3 Be7 11.Re1 Bxd3 12.Qxd3 O-O 13.Bd2 Rfe8 14.Ng5 h6 15.N5e4
Rad8 16.Qc2 c5 17.dxc5 Nxc5 18.Nxf6+ Bxf6 19.Rad1 Nd3 20.Re2 Nxb2 21.Rc1 Nd3
22.Rb1 b6 23.Bc3 Bxc3 24.Qxc3 Nc5 25.Nh5 f6 26.Re3 e5 27.Rg3 Ne4 28.Rxg7+
Qxg7 0-1

[Event "TORO 2014 (C)"]
[Site "Gatineau"]
[Date "2014.06.06"]
[Round "1"]
[White "Simard, Paul"]
[Black "Yu, Benjamin"]
[Result "0-1"]
[BlackElo "1398"]
[EventDate "2014.??.??"]
[WhiteElo "1153"]

1.f4 e5 2.fxe5 d6 3.Nf3 dxe5 4.Nc3 Nc6 5.e3 Bc5 6.Bb5 Ne7 7.O-O a6 8.Bxc6+
Nxc6 9.b3 O-O 10.Bb2 Bg4 11.h3 Bf5 12.g4 Be6 13.Ne4 Bb6 14.Qe2 Bc8 15.c3 Be6
16.d4 exd4 17.cxd4 a5 18.Rad1 a4 19.a3 Bxb3 20.Rc1 Bd5 21.Ng3 Bxf3 22.Rxf3
Re8 23.Nh5 Bxd4 24.Rxc6 bxc6 25.Bxd4 Qxd4 26.Qe1 Qc5 27.Qa1 f6 28.Kh2 Rxe3
29.Qg1 Re2+ 30.Kh1 Qd5 31.Qg3 Qd1+ 32.Qg1 Re1 33.Rf1 0-1

[Event "TORO 2014 (C)"]
[Site "Gatineau"]
[Date "2014.06.07"]
[Round "3"]
[White "Poirier, Damien"]
[Black "Yu, benjamin"]
[Result "0-1"]
[BlackElo "1398"]
[WhiteElo "1030"]

1.d4 Nf6 2.Nf3 e6 3.Nc3 Bb4 4.Bd2 O-O 5.a3 Bxc3 6.Bxc3 d5 7.Bb4 Re8 8.Qd3 a5
9.Bc3 Ne4 10.O-O-O Nxf2 11.Ng5 Nxd3+ 12.Rxd3 Qxg5+ 13.Bd2 Qf6 14.g3 e5 15.h4
e4 16.Re3 Qxd4 17.Rb3 e3 18.Bc3 Qe4 19.Rg1 Bf5 20.Bg2 Qxc2# 0-1

[Event "TORO 2014 (C)"]
[Site "Gatineau"]
[Date "2014.06.07"]
[Round "3"]
[White "Yang, Fan"]
[Black "Traversy, Pierre"]
[Result "1-0"]
[BlackElo "1193"]
[EventDate "2014.??.??"]
[WhiteElo "1462"]

1.d4 d5 2.c4 Nf6 3.Nc3 e6 4.Bf4 a6 5.Nf3 Nc6 6.e3 Bd6 7.Bg3 Bxg3 8.hxg3 O-O
9.Bd3 Ne7 10.Ne5 Nc6 11.Qf3 Ne7 12.Bxh7+ Kh8 13.Bg6+ Kg8 14.Bxf7+ Rxf7
15.Rh8+ Kxh8 16.Nxf7+ Kg8 17.Nxd8 1-0

[Event "TORO 2014 (C)"]
[Site "Gatineau"]
[Date "2014.06.08"]
[Round "4"]
[White "Yu, Benjamin"]
[Black "Bolduc, Alain"]
[Result "0-1"]
[BlackElo "1363"]
[EventDate "2014.??.??"]
[WhiteElo "1398"]

1.e4 Nf6 2.d4 g6 3.Nc3 Bg7 4.Nf3 O-O 5.g3 d6 6.Bg2 Nc6 7.O-O e5 8.dxe5 dxe5
9.Qxd8 Rxd8 10.Bg5 Be6 11.Nd5 Nxd5 12.Bxd8 Rxd8 13.c3 Nxc3 14.Rfe1 Nb4
15.Rac1 Nbxa2 16.Ra1 a5 17.Ng5 b6 18.Nxe6 fxe6 19.Bh3 Kf7 20.Kg2 Rd2 21.Kf1
Rxb2 0-1

[Event "TORO 2014 (C)"]
[Site "Gatineau"]
[Date "2014.06.08"]
[Round "5"]
[White "Yang, Fan"]
[Black "Marin, Sam"]
[Result "0-1"]
[BlackElo "1409"]
[WhiteElo "1462"]

1.d4 Nf6 2.c4 e6 3.Nc3 Bb4 4.Qc2 d5 5.a3 Bxc3+ 6.Qxc3 b6 7.Bf4 O-O 8.e3 Nh5
9.Bg3 Nxg3 10.hxg3 dxc4 11.Bxc4 Bb7 12.Nf3 Nd7 13.Bd3 f5 14.Qc4 Rc8 15.Qa2
Qf6 16.Ke2 c5 17.b3 cxd4 18.Nxd4 e5 19.Nxf5 e4 20.Bb5 Qc3 21.Ne7+ Kf7 22.Nxc8
Bxc8 23.Bxd7 Ba6+ 0-1

[Event "TORO 2014 (C)"]
[Site "Gatineau"]
[Date "2014.06.06"]
[Round "1"]
[White "Latreille, Etienne"]
[Black "Dubois, Lorraine"]
[Result "1-0"]
[BlackElo "1141"]
[EventDate "2014.??.??"]
[WhiteElo "1391"]

1.d4 Nf6 2.Nc3 g6 3.Nf3 Bg7 4.e3 O-O 5.b3 d6 6.Ba3 b6 7.Bd3 c5 8.O-O Bd7
9.Ne4 Qc7 10.c4 Na6 11.Rc1 Rab8 12.Nc3 e5 13.Nd5 Nxd5 14.cxd5 f5 15.Bxa6 e4
16.Nd2 Qd8 17.Be2 Qe7 18.dxc5 bxc5 19.Re1 f4 20.exf4 Rxf4 21.Bf3 Qf6 22.Nxe4
Qf8 23.Rc2 Bd4 24.Bb2 Rb4 25.Bxd4 Rxd4 26.Rd2 Rb4 27.Ng5 Rf6 28.Ne6 Qf7
29.Rd3 Bxe6 30.dxe6 Rxe6 31.Bd5 1-0

[Event "TORO 2014 (C)"]
[Site "Gatineau"]
[Date "2014.06.07"]
[Round "3"]
[White "Lépine, Yanick"]
[Black "Liboiron, Alain"]
[Result "1-0"]
[BlackElo "1273"]
[EventDate "2014.??.??"]
[WhiteElo "1409"]

1.e4 Nf6 2.e5 Nd5 3.c4 Nb6 4.d4 d6 5.exd6 exd6 6.Nc3 Be7 7.Nf3 Bg4 8.Bd3 Nc6
9.Be3 O-O 10.a3 Bf6 11.b3 Re8 12.Be2 Qc8 13.Qd2 Bxf3 14.gxf3 Qf5 15.Ne4 Rxe4
16.fxe4 Qxe4 17.O-O-O d5 18.c5 Nd7 19.Qd3 Qe7 20.Bf3 Rd8 21.Rhg1 Nf8 22.b4
Ne6 23.Qc3 Ng5 24.Bh1 Ne4 25.Qb2 Bh4 26.Rg4 Nxf2 27.Bxf2 Bg5+ 28.Kb1 Qf6
29.Rdg1 Qf5+ 30.Ka1 Bf6 31.Bh4 h5 32.Bxf6 hxg4 33.Bxd8 Nxd8 34.Qe2 Ne6
35.Rxg4 Nxd4 36.Rxd4 1-0

[Event "TORO 2014 (C)"]
[Site "Gatineau"]
[Date "2014.06.07"]
[Round "4"]
[White "Légaré, Gilles"]
[Black "Gervais, Marcel"]
[Result "0-1"]
[BlackElo "1333"]
[EventDate "2014.??.??"]
[WhiteElo "1070"]

1.e4 c6 2.Nf3 d5 3.e5 Bg4 4.Be2 e6 5.O-O Nd7 6.d4 Ne7 7.Bg5 Qc7 8.c3 c5 9.Re1
c4 10.a4 h6 11.Be3 Nf5 12.Na3 a6 13.h3 Bxf3 14.Bxf3 g5 15.Bh5 Be7 16.g3 Nf8
17.Kh2 Ng6 18.Qg4 O-O-O 19.Nc2 Kb8 20.Rab1 Ng7 21.a5 Nxh5 22.Qxh5 Rdg8 23.b4
cxb3 24.Rxb3 f5 25.Nb4 Bxb4 26.Rxb4 f4 27.Qe2 fxe3 28.Qxa6 Rf8 29.fxe3 Rh7
30.Rf1 Rxf1 31.Qxf1 { Les noirs l'emportent au 45e coup. } 0-1

[Event "TORO 2014 (C)"]
[Site "Gatineau"]
[Date "2014.06.08"]
[Round "4"]
[White "Bernatchez, Lucas"]
[Black "Dupont-Mageau, Nicolas"]
[Result "1-0"]
[BlackElo "1188"]
[WhiteElo "1389"]

1.d4 Nf6 2.c4 g6 3.Nc3 Bg7 4.Nf3 O-O 5.e4 d6 6.Be2 e5 7.dxe5 dxe5 8.Qxd8 Rxd8
9.Bg5 Nc6 10.Nd5 Nxd5 11.Bxd8 Ndb4 12.Rd1 f6 13.Bxc7 Be6 14.O-O Nxa2 15.Bd6
Nab4 16.Bxb4 Nxb4 17.Rd6 Bg4 18.Rfd1 Nc6 19.h3 Bxf3 20.Bxf3 Nd4 21.Bg4 f5
22.exf5 gxf5 23.Bh5 Bf8 24.Rd5 Bg7 25.Rd7 b6 26.f4 exf4 27.R1xd4 Bxd4+
28.Rxd4 Kg7 29.Rxf4 Kf6 30.Bf3 Kg5 31.Rd4 Re8 32.h4+ Kf6 33.Kf2 Re7 34.g3 Re6
35.Rd7 Re7 36.Rd4 Re6 37.Rd5 Re5 38.b4 Rxd5 39.Bxd5 a5 40.bxa5 bxa5 41.Bc6
Ke5 42.Ke3 Kd6 43.Bb5 Kc5 44.Kf4 Kb4 45.Kxf5 a4 46.Bxa4 Kxa4 47.Ke5 Ka5 48.c5
Kb5 49.Kd6 Ka6 50.Kc7 1-0

[Event "TORO 2014 (C)"]
[Site "Gatineau"]
[Date "2014.06.07"]
[Round "2"]
[White "Bernatchez, Lucas"]
[Black "Soskic, Milan"]
[Result "1-0"]
[BlackElo "1353"]
[WhiteElo "1389"]

1.d4 d5 2.c4 e6 3.Nc3 Nf6 4.Nf3 Be7 5.Bg5 Nbd7 6.e3 c6 7.cxd5 Nxd5 8.Bxe7
Nxe7 9.Bd3 b6 10.O-O Bb7 11.Rc1 Rc8 12.Ne4 Qc7 13.b4 O-O 14.Neg5 h6 15.Ne4 f5
16.Ng3 g5 17.Nh5 g4 18.Nh4 Nd5 19.a3 Rf7 20.e4 Nf4 21.Ng3 Qd8 22.Nhxf5 exf5
23.Nxf5 Rxf5 24.exf5 Qg5 25.Bc4+ Nd5 26.Qd3 Nf6 27.Rce1 Kh8 28.g3 Rf8 29.Bxd5
Nxd5 30.Re5 Nf6 31.Rfe1 Qg7 32.Re7 Rf7 33.Rxf7 Qxf7 34.Qe3 Ba6 35.Qxh6+ Kg8
36.Re6 Bc4 37.Rxf6 Qg7 38.Qxg7+ Kxg7 39.Rxc6 b5 1-0

[Event "TORO 2014 (C)"]
[Site "Gatineau"]
[Date "2014.06.08"]
[Round "2"]
[White "Frangakis, Evan"]
[Black "Légaré, Gilles"]
[Result "1-0"]
[BlackElo "1043"]
[WhiteElo "1478"]

1.d4 d6 2.e4 e6 3.Nf3 d5 4.Bd3 b6 5.O-O Ba6 6.Re1 c5 7.exd5 Bxd3 8.Qxd3 Qxd5
9.Nc3 Qc6 10.d5 Qc7 11.Bf4 Bd6 12.Bxd6 Qxd6 13.Nb5 Qd8 14.Red1 Nf6 15.dxe6
O-O 16.Qxd8 Na6 17.e7 Re8 18.Qxa8 Kh8 19.Rd8 1-0

[Event "TORO 2014 (C)"]
[Site "Gatineau"]
[Date "2014.06.10"]
[Round "3"]
[White "Bolduc, Olivier"]
[Black "Gervais, Marcel"]
[Result "1-0"]
[BlackElo "1333"]
[WhiteElo "1363"]

1.d4 d5 2.c4 Nc6 3.cxd5 Qxd5 4.Nc3 Qxd4 5.Bd2 Nf6 6.Nf3 Qd8 7.e3 e6 8.Bb5 Bd7
9.O-O Be7 10.a3 O-O 11.Qc2 Bd6 12.Bd3 Ne5 13.Nxe5 Bxe5 14.f4 Bd6 15.Ne4 Nxe4
16.Bxe4 Bb5 17.Bxh7+ Kh8 18.Rf3 f5 19.Rh3 g6 20.Bxg6+ Kg7 21.Rg3 Kh6 22.Qd1
Qh4 23.Rg5 Qxg5 24.fxg5+ Kxg6 25.h4 Rh8 26.Be1 Bc6 27.g4 Be4 28.Qd4 Be7
29.Bc3 Rag8 30.Qe5 Bxg5 31.Qxe6+ Kh7 32.Qf7+ 1-0

[Event "TORO 2014 (C)"]
[Site "Gatineau"]
[Date "2014.06.06"]
[Round "1"]
[White "Marin, Sam"]
[Black "Traversy, Pierre"]
[Result "1-0"]
[BlackElo "1193"]
[WhiteElo "1409"]

1.d4 Nf6 2.c4 d6 3.Nc3 Nbd7 4.Nf3 h6 5.e4 e5 6.Be2 b6 7.O-O Bb7 8.d5 Be7
9.Qc2 c6 10.Rd1 cxd5 11.Nxd5 Nxd5 12.exd5 Nf6 13.Nd2 O-O 14.Ne4 Rc8 15.Be3
Qd7 16.Nxf6+ Bxf6 17.Qe4 Bg5 18.Rac1 f5 19.Qf3 f4 20.Bd2 Qf7 21.Bb4 Rcd8
22.Bd3 g6 23.Qe4 Kg7 24.f3 Bc8 25.Qe1 Rfe8 26.h4 Bf6 27.h5 Bf5 28.hxg6 Bxg6
29.Bxg6 Qxg6 30.Qe4 Qg5 31.Be1 Rg8 32.Rc2 Kf7 33.b4 Rg7 34.a4 Qh5 35.a5 Bh4
36.Bxh4 Qxh4 37.Qf5+ Qf6 38.Qxf6+ Kxf6 39.axb6 axb6 40.Ra2 Rb7 41.Kf2 Kg5
42.Ra6 h5 43.Ke2 h4 44.Kd3 Kf5 45.Rda1 Rdd7 46.Ra8 Rg7 47.Rf8+
{ Les noirs abandonnent au 53e coup. } 47...Kg5 1-0

[Event "TORO 2014 (C)"]
[Site "Gatineau"]
[Date "2014.06.07"]
[Round "3"]
[White "Dupont-Mageau, Nicolas"]
[Black "Latreille, Etienne"]
[Result "1-0"]
[BlackElo "1391"]
[EventDate "2014.??.??"]
[SourceDate "2014.06.10"]
[WhiteElo "1188"]

1.e4 e6 2.d4 d5 3.Nc3 Bb4 4.Bd2 Bxc3 5.Bxc3 dxe4 6.Qg4 g6 7.d5 exd5 8.Qg3 f6
9.O-O-O Be6 10.f3 Qe7 11.fxe4 dxe4 12.Kb1 e3 13.Re1 Nh6 14.Qxe3 Kf7 15.Bc4
Re8 16.Qxh6 Qd7 17.Qxh7+ Kf8 18.Bb4+ Re7 19.Bxe7+ Qxe7 20.Qh8+ Kf7 21.Bxe6+
Qxe6 22.Rxe6 Kxe6 23.Nf3 Kf5 24.Rf1 Ke4 25.Qxf6 Nc6 26.Re1+ Kd5 27.Qxg6 Rd8
28.Rd1+ Kc5 29.Rxd8 Nxd8 30.Qg5+ Kb6 31.Qxd8 a5 32.Nd4 Ka6 33.Qxc7 a4 34.Qc4+
b5 35.Qxb5+ Ka7 1-0

[Event "TORO 2014 (C)"]
[Site "Gatineau"]
[Date "2014.06.06"]
[Round "1"]
[White "Légaré, Gilles"]
[Black "Bernatchez, Lucas"]
[Result "0-1"]
[BlackElo "1389"]
[EventDate "2014.06.10"]
[SourceDate "2014.06.10"]
[WhiteElo "1043"]

1.e4 e6 2.Nc3 d5 3.Nf3 c5 4.e5 Nc6 5.Bb5 Bd7 6.Bxc6 Bxc6 7.d4 cxd4 8.Nxd4 Bb4
9.a3 Bxc3+ 10.bxc3 Qh4 11.Be3 Ne7 12.Nf3 Qc4 13.Bd4 Nf5 14.Qd3 Qa4 15.Qd2 Bb5
16.g4 Nxd4 17.Nxd4 Ba6 18.h3 Rc8 19.Ne2 Qc4 20.Qd3 Qa4 21.Qd2 Qe4 22.O-O-O
Qxe2 23.Rde1 Qc4 24.Qd4 Qa2 25.Qb4 Rc6 26.Kd2 Qc4 27.a4 Kd7 28.a5 Rhc8 29.Re3
Qxb4 30.cxb4 Rxc2+ 0-1

[Event "TORO 2014 (C)"]
[Site "Gatineau"]
[Date "2014.06.06"]
[Round "1"]
[White "Bolduc, Olivier"]
[Black "Liboiron, Alain"]
[Result "0-1"]
[BlackElo "1275"]
[WhiteElo "1363"]

1.d4 f5 2.g3 Nf6 3.Bg2 e6 4.c4 d5 5.Nf3 c6 6.cxd5 exd5 7.Nc3 Bd6 8.Bg5 O-O
9.O-O Qe8 10.Qd2 Nbd7 11.Rac1 Qh5 12.Bf4 Bxf4 13.Qxf4 Re8 14.Rfe1 Ne4 15.Nd2
Nxd2 16.Qxd2 Nf6 17.f3 Bd7 18.Qf4 Rac8 19.b4 g5 20.Qd6 Re6 21.g4 Rxd6 22.gxh5
Nxh5 23.e3 Re8 24.Re2 Nf6 25.Na4 f4 26.Kf2 fxe3+ 27.Rxe3 Rxe3 28.Kxe3 Re6+
29.Kf2 Re7 30.Nc5 Bc8 31.Rg1 Kf7 32.Nd3 Nh5 33.Ne5+ Kf8 34.Rc1 Nf4 35.b5 Rxe5
36.dxe5 Nd3+ 37.Ke3 Nxc1 38.Kd4 Nxa2 39.bxc6 bxc6 40.Kc5 Ke7 41.Kxc6 d4
42.Bf1 Bf5 43.Kd5 d3 44.Kd4 d2 45.Be2 Bc2 0-1

[Event "TORO 2014 (C)"]
[Site "Gatineau"]
[Date "2014.06.06"]
[Round "1"]
[White "Bergeron, Jean Guy"]
[Black "Ketata, Nabil"]
[Result "1-0"]
[BlackElo "1046"]
[EventDate "2014.??.??"]
[WhiteElo "1351"]

1.c4 Nc6 2.g3 Nf6 3.Bg2 e6 4.Nf3 h6 5.O-O b6 6.Nc3 Ba6 7.Qa4 Qc8 8.d4 Rb8
9.d5 b5 10.cxb5 Bxb5 11.Nxb5 Nxd5 12.e4 Nb6 13.Qc2 a6 14.Nc3 Nb4 15.Qe2 d6
16.a3 Nc6 17.e5 d5 18.Rd1 Ne7 19.b4 c6 20.Nd4 Nc4 21.f4 c5 22.bxc5 Qxc5
23.Na4 Qc7 24.Qh5 Ng6 25.Nxe6 Qa7+ 26.Kh1 Be7 27.Nxg7+ Kf8 28.Ne6+ fxe6
29.Qxg6 Qf2 30.Qd3 Kf7 31.Rf1 Qa7 32.f5 Nxe5 33.fxe6+ Ke8 34.Qxd5 Rf8
35.Rxf8+ Kxf8 36.Qxe5 Qf2 37.Qh8# 1-0

[Event "TORO 2014 (C)"]
[Site "Gatineau"]
[Date "2014.06.07"]
[Round "2"]
[White "Ketata, Nabil"]
[Black "Bolduc, Olivier"]
[Result "0-1"]
[BlackElo "1363"]
[WhiteElo "1046"]

1.f4 Nc6 2.e3 b6 3.d4 e6 4.Nf3 Nf6 5.h3 Bb7 6.Be2 Be7 7.O-O h5 8.a3 h4 9.b4
Ne4 10.Qe1 Ng3 11.Rf2 Bf6 12.b5 Ne7 13.Nbd2 Nd5 14.Bd3 Nc3 15.Nf1 Nce4
16.Nxg3 Nxg3 17.Ng5 Bxg5 18.fxg5 Qxg5 19.e4 Qe7 20.Bf4 d6 21.Bxg3 hxg3 22.Rf3
Qg5 23.Rxg3 Qh6 24.c4 O-O-O 25.d5 e5 26.Qf2 Rd7 27.a4 Kb8 28.a5 Bc8 29.axb6
cxb6 30.Rf3 Rf8 31.Qb2 f6 32.c5 dxc5 33.Qa3 Rff7 34.Bc4 Rd6 35.Rf2 g6 36.Rfa2
Qh7 37.Qg3 Qg7 38.Qh4 f5 39.Rf2 Qf6 40.Qxf6 Rfxf6 41.Rff1 Rf7 42.Rf2 f4
43.Be2 g5 44.Bh5 Rg7 45.Rfa2 Rh6 46.Be8 g4 47.Kh2 gxh3 48.gxh3 Rxh3# 0-1

[Event "TORO 2014 (C)"]
[Site "Gatineau"]
[Date "2014.06.11"]
[Round "2"]
[White "Courtemanche, Sylvain"]
[Black "Dupont-Mageau, Nicolas"]
[Result "0-1"]
[BlackElo "1188"]
[WhiteElo "1331"]

1.e4 e5 2.Nf3 Nc6 3.Bb5 Nf6 4.O-O a6 5.Ba4 b5 6.Bb3 Bc5 7.c3 O-O 8.d4 Bd6
9.Re1 Re8 10.Bg5 h6 11.Bh4 Bb7 12.Nbd2 Ne7 13.dxe5 Ng6 14.Bxf6 gxf6 15.exd6
cxd6 16.Qc2 d5 17.exd5 Rxe1+ 18.Rxe1 Qb6 19.Qxg6+ fxg6 20.d6+ Kf8 21.Nh4 Qxd6
22.Nxg6+ Kg7 23.Ne7 Qxd2 24.Nf5+ Kh7 25.Rd1 Qg5 26.Ng3 Bc6 27.h3 h5 28.Rd4 f5
29.h4 Qf6 30.Rf4 Rf8 31.Bc2 Qh6 32.Ne2 Re8 33.Bd3 Rxe2 0-1

[Event "TORO 2014 (C)"]
[Site "Gatineau"]
[Date "2014.06.07"]
[Round "2"]
[White "Liboiron, Alasn"]
[Black "Latreille, Etienne"]
[Result "1/2-1/2"]
[BlackElo "1391"]
[WhiteElo "1275"]

1.f4 d5 2.Nf3 b6 3.e3 e6 4.b3 Bb7 5.Bb2 Nc6 6.Bb5 Ne7 7.O-O a6 8.Be2 Qd7 9.d4
Nf5 10.Qd2 Bd6 11.Nc3 Nce7 12.Bd3 c5 13.Bxf5 Nxf5 14.Rae1 O-O 15.e4 Nxd4
16.Nxd4 cxd4 17.Na4 Qc6 18.Qxd4 Bc5 19.Nxc5 Qxc5 20.Qxc5 bxc5 21.exd5 exd5
22.Re7 Bc6 23.Rfe1 Rfe8 24.Ba3 c4 25.c3 g6 26.Kf2 Kg7 27.Rxe8 Rxe8 28.Rxe8
Bxe8 29.Ke3 cxb3 30.axb3 Kf6 31.Kd4 Ke6 1/2-1/2

[Event "TORO 2014 (C)"]
[Site "Gatineau"]
[Date "2014.06.07"]
[Round "2"]
[White "Lukezich, John"]
[Black "Dubois, Lorraine"]
[Result "1-0"]
[BlackElo "1141"]
[WhiteElo "1468"]

1.e4 Nf6 2.e5 Nd5 3.c4 Nb6 4.d4 d5 5.exd6 exd6 6.Nc3 Be7 7.Be3 O-O 8.Bd3 N8d7
9.b3 Nf6 10.h3 d5 11.c5 Nbd7 12.Nf3 c6 13.b4 b6 14.O-O bxc5 15.bxc5 a5 16.a4
Nb8 17.Re1 Na6 18.Na2 Rb8 19.Qe2 Nb4 20.Nxb4 Rxb4 21.Bd2 Rb2 22.Qxe7 Be6
23.Qxd8 Rxd8 24.Bxa5 Ra8 25.Bb6 Rb4 26.a5 h6 27.Reb1 Rxb1+ 28.Rxb1 g5 29.Ne5
Bd7 30.a6 Re8 31.a7 Nh5 32.Ba6 1-0

[Event "TORO 2014 (C)"]
[Site "Gatineau"]
[Date "2014.06.08"]
[Round "5"]
[White "Gervvais, Marcel"]
[Black "Traversy, Pierre"]
[Result "1/2-1/2"]
[BlackElo "1193"]
[WhiteElo "1333"]

1.c4 c5 2.Nc3 e6 3.Nf3 Nc6 4.g3 Nge7 5.e4 d6 6.Bg2 Ng6 7.O-O Be7 8.a3 a6
9.Rb1 b6 10.b4 cxb4 11.axb4 Rb8 12.d4 b5 13.cxb5 axb5 14.Qe2 Qb6 15.Be3 Qb7
16.e5 d5 17.Na2 Bd7 18.Bd2 Na7 19.Nc1 Rc8 20.Nd3 h6 21.Rfc1 O-O 22.Nc5 Bxc5
23.dxc5 Bc6 24.Nd4 Qc7 25.f4 Qd7 26.Rf1 f5 27.Ra1 Rc7 28.Ra6 Re8 29.Rfa1 Ne7
30.R1a5 Rec8 1/2-1/2

[Event "TORO 2014 (C)"]
[Site "Gatineau"]
[Date "2014.06.06"]
[Round "1"]
[White "Gunn, Richard"]
[Black "Ménard, Marc"]
[Result "1-0"]
[BlackElo "1425"]
[WhiteElo "1225"]

1.e4 e5 2.Nf3 Nc6 3.Bc4 Nf6 4.d3 Bb4+ 5.c3 Ba5 6.O-O O-O 7.Be3 d5 8.exd5 Nxd5
9.Bc5 Re8 10.Qb3 Be6 11.Qxb7 Nde7 12.Qa6 Bc8 13.Bxe7 Bxa6 14.Bxd8 Bxc4
15.dxc4 Raxd8 16.b4 Nxb4 17.cxb4 Bxb4 18.a4 e4 19.Ne1 Rd4 20.Nc2 Rxc4 21.Nxb4
Rxb4 22.Nc3 c6 23.a5 f5 24.Rfd1 Reb8 25.a6 Rb3 26.Na4 Kf8 27.Nc5 Ke8 28.Nxb3
Rxb3 29.Rdb1 1-0

[Event "TORO 2014 (C)"]
[Site "Gatineau"]
[Date "2014.06.06"]
[Round "1"]
[White "Yang, Fan"]
[Black "Poirier, Damien"]
[Result "1-0"]
[BlackElo "1030"]
[WhiteElo "1462"]

1.d4 d5 2.c4 Nf6 3.Nc3 Nc6 4.Nf3 Bg4 5.e3 e6 6.a3 a6 7.Bd3 Bd6 8.Bd2 Qe7 9.c5
Bxc5 10.dxc5 Qxc5 11.Rc1 Bf5 12.Bxf5 exf5 13.Ne4 Qe7 14.Nxf6+ Qxf6 15.Bc3 Qd6
16.Nd4 f4 17.Nf5 Qg6 18.Qxd5 Qe6 19.Nxg7+ Ke7 20.Nxe6 fxe6 21.Qg5+ Kd7
22.Bxh8 Rxh8 23.Qg7+ Ne7 24.Rd1+ Kc6 25.Qxh8 Nf5 26.Qc3+ Kb6 27.b4 Kb5 28.a4+
Kxa4 29.Ra1+ Kb5 30.Qc5# 1-0

[Event "TORO 2014 (C)"]
[Site "Gatineau"]
[Date "2014.06.08"]
[Round "5"]
[White "Dupont-Mageau"]
[Black "Lukezich"]
[Result "0-1"]
[BlackElo "1468"]
[WhiteElo "1188"]

1.e4 e5 2.Nf3 Nc6 3.Bc4 Bc5 4.Nc3 Nf6 5.d3 h6 6.a3 a6 7.b4 Bd4 8.Nxd4 Nxd4
9.Nd5 b5 10.Ba2 d6 11.c3 Ne6 12.Qf3 Nd7 13.Be3 c6 14.Nf4 exf4 15.Bxf4 Nxf4
16.Qxf4 Qf6 17.Qxf6 Nxf6 18.d4 Nxe4 19.O-O O-O 20.Rac1 d5 21.Bb1 Nd6 22.Rfe1
Be6 23.Re5 Nc4 24.Rh5 Rae8 25.Rh4 Nxa3 26.Bd3 Nc4 27.g4 Nd2 28.Kg2 f6 29.Bg6
Bf7 30.Bd3 Re7 31.Rc2 Nc4 32.Kf3 Rfe8 33.Re2 Rxe2 34.Bxe2 Nd2+ 0-1

[Event "TORO 2014 (C)"]
[Site "Gatineau"]
[Date "2014.06.08"]
[Round "5"]
[White "Soskic, Milan"]
[Black "Yu, Benjamin"]
[Result "1-0"]
[BlackElo "1398"]
[WhiteElo "1353"]

1.d4 Nf6 2.c4 e6 3.a3 g6 4.Nf3 Bg7 5.e3 O-O 6.Bd3 d5 7.c5 b6 8.b4 Bb7 9.Bb2
Nc6 10.Nbd2 Qe7 11.b5 Nd8 12.c6 Bc8 13.a4 a6 14.Ba3 Qe8 15.Ne5 axb5 16.axb5
Nh5 17.O-O Bf6 18.Bxf8 Qxf8 19.Rxa8 Bxe5 20.dxe5 Nxc6 21.bxc6 f6 22.Ba6 1-0

[Event "TORO 2014 (C)"]
[Site "Gatineau"]
[Date "2014.06.07"]
[Round "3"]
[White "Simard, Paul"]
[Black "Ménard, Marc"]
[Result "0-1"]
[BlackElo "1423"]
[WhiteElo "1153"]

1.f4 e5 2.fxe5 d6 3.Nf3 dxe5 4.Nxe5 Bd6 5.Nf3 g5 6.e3 g4 7.Nd4 Qh4+ 8.Ke2 b6
9.Qe1 Qe7 10.d3 Bb7 11.Nc3 Nc6 12.Nf5 Qf6 13.Nd4 Nxd4+ 14.exd4 Qxd4 15.Kd1+
Ne7 16.b3 O-O-O 17.Bb2 Nd5 18.Kc1 Rhe8 19.Ne2 Qe3+ 20.Qd2 Bb4 21.Qxe3 Nxe3
22.Nd4 Nxg2 23.Be2 Rxd4 24.Bxd4 Rxe2 25.Kb2 Ne3 26.Rhg1 Nxc2 27.Bf6 Nxa1+
28.Kxa1 Re1+ 29.Rxe1 Bxe1 30.a4 h5 31.Bb2 g3 32.hxg3 Bxg3 33.d4 h4 34.Ka2 h3
35.Ka3 h2 36.Kb4 Bd6+ 37.Kc4 h1=Q 38.Kc3 Qf3+ 39.Kc2 Be4+ 40.Kc1 Bf4# 0-1

[Event "TORO 2014 (C)"]
[Site "Gatineau"]
[Date "2014.06.07"]
[Round "4"]
[White "Carrière, Steven"]
[Black "Gunn, Richard"]
[Result "0-1"]
[BlackElo "1225"]
[WhiteElo "1268"]

1.e4 e5 2.Nf3 Nc6 3.Bc4 Bc5 4.b4 Bxb4 5.c3 Ba5 6.O-O Nf6 7.Re1 O-O 8.Ba3 d6
9.h3 h6 10.Re2 Kh8 11.d4 Nh5 12.dxe5 Bxh3 13.gxh3 Qd7 14.Qf1 Nf4 15.Re3 Bb6
16.Nd4 Nxd4 17.cxd4 Bxd4 18.Rf3 Bxa1 19.Rxf4 Bxe5 20.Rh4 f5 21.Nd2 Qe7 22.Nf3
Bf6 23.Rh5 fxe4 24.Bc1 exf3 25.Bxh6 gxh6 26.Qb1 Qg7+ 27.Kf1 Qg2+ 28.Ke1 Qg1+
29.Bf1 Bc3+ 30.Kd1 Qxf1+ 31.Kc2 Qxb1+ 32.Kxb1 Be1 0-1

[Event "TORO 2014 (C)"]
[Site "Gatineau"]
[Date "2014.06.08"]
[Round "5"]
[White "Dubois, Lorraine"]
[Black "Courtemanche, Sylvain"]
[Result "0-1"]
[BlackElo "1331"]
[WhiteElo "1141"]

1.e4 Nf6 2.e5 Nd5 3.d4 d6 4.c4 Nb6 5.exd6 exd6 6.Nf3 Bg4 7.h3 Bxf3 8.Qxf3 c6
9.b3 Be7 10.Bf4 O-O 11.Na3 Re8 12.Be2 N8d7 13.Rd1 d5 14.c5 Nc8 15.O-O b6
16.Qg3 bxc5 17.Bc7 Bd6 18.Bxd6 Nxd6 19.Bg4 Ne4 20.Qd3 Ndf6 21.Nc2 Nxg4
22.hxg4 Re6 23.f3 Ng3 24.f4 Ne2+ 25.Kf2 Qh4+ 0-1

[Event "TORO 2014 (C)"]
[Site "Gatineau"]
[Date "2014.06.08"]
[Round "5"]
[White "Wang, Kyle"]
[Black "Latreille, Etienne"]
[Result "1-0"]
[BlackElo "1391"]
[WhiteElo "1356"]

1.e4 c5 2.Bc4 e6 3.Nc3 Nc6 4.Nf3 Nge7 5.a3 d5 6.exd5 Nxd5 7.Bxd5 exd5 8.d3 h6
9.h3 Be7 10.Bd2 Be6 11.Qe2 Bf6 12.O-O O-O 13.Bf4 Re8 14.Qd2 g5 15.Bh2 a6
16.Rfe1 Qd7 17.Rab1 Bg7 18.Ne5 Qc8 19.f4 Bxe5 20.fxe5 Nd4 21.Ne2 Nf5 22.Ng3
Nh4 23.Nh5 Re7 24.Qf2 d4 25.Qf6 Qf8 26.Rf1 Nf5 27.g4 Ne3 28.Rfc1 Bd5 29.Qf2
Re6 30.Nf6+ Kh8 31.Nxd5 Nxd5 32.c3 Ne3 33.b4 b6 34.bxc5 bxc5 35.Rb7 Re7
36.Qf6+ Kg8 37.Qxe7 Qg7 38.e6 Rf8 39.Bd6 Nd5 40.Qxf8+ Qxf8 41.Bxf8 Kxf8
42.exf7 dxc3 43.Re1 Nf6 44.Rf1 Nh7 45.Rb8+ Kg7 46.Rg8# 1-0

[Event "TORO 2014 (C)"]
[Site "Gatineau"]
[Date "2014.06.06"]
[Round "3"]
[White "Dubois, Lorraine"]
[Black "Ketata, Nabil"]
[Result "1/2-1/2"]
[BlackElo "1050"]
[WhiteElo "1141"]

1.d4 c5 2.dxc5 e6 3.Nf3 Nc6 4.e4 Bxc5 5.a3 Qb6 6.Be3 Nf6 7.Bxc5 Qxc5 8.Be2
Nxe4 9.O-O d5 10.b4 Qd6 11.Re1 O-O 12.Bd3 Qe5 13.Bxe4 dxe4 14.Rxe4 Qf6 15.Ra2
e5 16.c3 Bf5 17.Re3 Rad8 18.Qe1 Rfe8 19.Rae2 Qg6 20.Nxe5 Nxe5 21.Rxe5 Rxe5
22.Rxe5 f6 23.Re3 Bxb1 24.Rg3 Qf5 25.h3 Be4 26.f3 Bc2 27.Qe2 Rd1+ 28.Kh2 g5
29.Rg4 Qe5+ 30.Qxe5 fxe5 31.Rxg5+ Kh8 32.Rxe5 Ra1 33.Rc5 Rxa3 34.Rc7 b5 35.g4
Bd1 36.Kg3 a6 37.f4 Bb3 38.f5 Bc4 39.f6 Kg8 40.g5 Rxc3+ 41.Kf4 Rb3 42.h4 Bf7
43.Rc8+ Be8 44.Rxe8+ Kf7 45.Re7+ Kf8 46.h5 Rxb4+ 47.Re4 Rxe4+ 48.Kxe4 Kf7
49.h6 Kg6 50.Kd4 b4 51.Kc4 a5 52.Kb3 Kf7 53.Ka4 Kg6 54.Kb3 1/2-1/2

[Event "TORO 2014 (C)"]
[Site "Gatineau"]
[Date "2014.06.07"]
[Round "3"]
[White "Marin, sam"]
[Black "Wang, Kyle"]
[Result "1-0"]
[BlackElo "1356"]
[WhiteElo "1409"]

1.c4 e5 2.Nc3 Nf6 3.d3 Nc6 4.Bg5 Be7 5.Nf3 d6 6.g3 h6 7.Bxf6 Bxf6 8.Ne4 Be6
9.Nxf6+ Qxf6 10.Bg2 O-O 11.Nd2 Qe7 12.O-O Qd7 13.b4 Bh3 14.b5 Bxg2 15.Kxg2
Ne7 16.e4 f6 17.f3 f5 18.g4 Kf7 19.Qe1 Ng6 20.Rh1 Rh8 21.h4 h5 22.g5 c5
23.bxc6 bxc6 24.Rb1 Rab8 25.Nb3 Rb6 26.c5 Rb5 27.cxd6 Qxd6 28.Qc3 Rhb8
29.Rbc1 Ne7 30.Na5 Rc8 31.Nc4 Qc7 32.a4 Rc5 33.Nd6+ Qxd6 34.Qxc5 Qxc5 35.Rxc5
1-0

[Event "TORO 2014 (C)"]
[Site "Gatineau"]
[Date "2014.06.08"]
[Round "4"]
[White "Poirier, Damien"]
[Black "Soskic, Milan"]
[Result "0-1"]
[BlackElo "1353"]
[WhiteElo "1030"]

1.e4 c5 2.Nc3 d6 3.Bc4 e6 4.d3 a6 5.Be3 Nc6 6.Qf3 Nf6 7.Nge2 Be7 8.O-O b5
9.Bb3 Bb7 10.a4 b4 11.e5 Nd7 12.Ne4 Qc7 13.Bg5 Ncxe5 14.Qf4 Ng6 15.Qf3 Bxe4
16.Qxe4 d5 17.Qg4 h5 18.Qg3 Qxg3 19.fxg3 Bxg5 20.Kh1 a5 21.Rae1 O-O 22.Ng1
Rab8 23.Nf3 Bf6 24.h3 Bxb2 25.Rb1 Bc3 26.Rbd1 Nb6 27.d4 c4 28.Ba2 Nxa4 29.Rf2
Nb6 30.Rdf1 f6 31.Bb1 a4 32.Re2 Rfe8 33.Kh2 Nd7 34.Ref2 e5 35.Re2 e4 36.Nh4
Nxh4 37.gxh4 Bxd4 38.Rf5 Be5+ 39.Rxe5 Rxe5 40.c3 b3 41.Rf2 a3 42.Re2 Nc5
43.Rf2 Na4 44.Re2 Nxc3 45.Rf2 Nxb1 46.Re2 a2 47.Re1 a1=Q 48.Rf1 e3 49.Re1 e2
50.Rg1 Re3 51.Re1 Qe5+ 52.Kg1 Qg3 53.Rxb1 e1=Q+ 54.Rxe1 Rxe1# 0-1